000 00949nam a2200289 i 4500
001 000021950
003 DO-SdBNP
005 20231201093835.0
007 ta
008 100312s1975 dr 000 0 spa d
040 _aDO-SdBNP
_bspa
_cBNPHU
_erda
082 4 _a370.97293
_bN734s, 1975
_222
100 1 _aNivar, Consuelo,
_937453
_eautora
245 1 0 _aSistema educativo en la República Dominicana /
_cConsuelo Nivar.
250 _a2ª ed.
264 _aSanto Domingo :
_bTaller,
_c1975.
300 _a127 páginas ;
_c21 cm.
336 _2rdacontent
_atexto
_btxt
337 _2rdamedia
_asin mediación
_bn
338 _2rdacarrier
_avolumen
_bnc
500 _aIncluye referencias bibliográficas y notas al pie de las páginas
504 _aBibliografía : p. 119-127
590 _aInventariado, 2018/VM
650 4 _aEducación
_zRepública Dominicana
_xHistoria
_913100
910 _aValidado. Control de calidad MFF
942 _2ddc
_cLBS1
999 _c21448
_d21448